Racismo y discurso de las élites /
Esta obra analiza y papel desempeñan las diversas élites - política, académica, ejecutiva y mediática- en la perpetuación de la dominación étnica. La carga racista está presente en la modo en que algunos Parlamentos occidentales debaten los temas de la inmigración y los asuntos étnicos, en los comen...
Αποθηκεύτηκε σε:
| Κύριος συγγραφέας: | |
|---|---|
| Μορφή: | Άγνωστο |
| Γλώσσα: | Spanish |
| Έκδοση: |
Barcelona, España :
Gedisa,
2003
|
| Σειρά: | Serie Cla.De.Ma : Lisgüística/Análisis del discurso
|
| Θέματα: | |
| Ετικέτες: |
Προσθήκη ετικέτας
Δεν υπάρχουν, Καταχωρήστε ετικέτα πρώτοι!
|
MARC
| LEADER | 00000 a2200000 04500 | ||
|---|---|---|---|
| 001 | 40917 | ||
| 003 | cru CIDCACS/IIS | ||
| 005 | 20230703081509.0 | ||
| 008 | 050625s20031993sp spa d | ||
| 020 | |a 84-7432-843-8 | ||
| 040 | |a CRAI/IIS |c CRAI/IIS | ||
| 090 | |a 04.02.04 D575r | ||
| 100 | |a Dijk, Teun A. van | ||
| 245 | |a Racismo y discurso de las élites / |c Teun A. van Dijk | ||
| 260 | |a Barcelona, España : |b Gedisa, |c 2003 | ||
| 300 | |a 334 páginas | ||
| 440 | |a Serie Cla.De.Ma : Lisgüística/Análisis del discurso | ||
| 520 | |a Esta obra analiza y papel desempeñan las diversas élites - política, académica, ejecutiva y mediática- en la perpetuación de la dominación étnica. La carga racista está presente en la modo en que algunos Parlamentos occidentales debaten los temas de la inmigración y los asuntos étnicos, en los comentarios que se leen en los manuales universitarios de sociología sobre las relaciones étnicas y en el lenguaje empleado por los ejecutivos de grandes empresas referentes a la contratación de minorías y la acción positiva. | ||
| 590 | |a DISEMINAR042011/RRA/MAYO2011 | ||
| 650 | |a DISCRIMINACION RACIAL | ||
| 650 | |a DISCRIMINACION ETNICA | ||
| 650 | |a XENOFOBIA | ||
| 650 | |a DISCURSOS | ||
| 650 | |a ANALISIS DE CONTENIDO | ||
| 650 | |a INMIGRACION | ||
| 942 | |2 ddc |c LI |h 04.02.04 D575r |i 11940 |6 040204_D575R_11940 | ||
| 999 | |c 3782 |d 3782 | ||



